Az eseményalapú árazás vizsgálata konkrét szállodai példán keresztül-A 2023-as Atlétikai Világbajnokság hatása az Ibis Budapest Citysouth árazási stratégiájára
| Szerző: | |
|---|---|
| További közreműködők: | |
| Dokumentumtípus: | Diplomadolgozat |
| Kulcsszavak: | árazás eseményhatás Revenue Management sportesemények szállodaipar |
| Online Access: | http://dolgozattar.uni-bge.hu/59447 |
MARC
| LEADER | 00000nta a2200000 i 4500 | ||
|---|---|---|---|
| 001 | dolg59447 | ||
| 005 | 20260409145052.0 | ||
| 008 | 260409suuuu hu om 000 hun d | ||
| 040 | |a BGE Dolgozattár Repozitórium |b hun | ||
| 041 | |a hu | ||
| 100 | 1 | |a Földvári Sára Erzsébet | |
| 245 | 1 | 3 | |a Az eseményalapú árazás vizsgálata konkrét szállodai példán keresztül-A 2023-as Atlétikai Világbajnokság hatása az Ibis Budapest Citysouth árazási stratégiájára |c Földvári Sára Erzsébet |h [elektronikus dokumentum] |
| 520 | 3 | |a Szakdolgozatomban a szállodai revenue management sajátosságait vizsgálom meg, egy konkrét szálloda kapcsán. A revenue management széles skáláján belül az én dolgozatom a szállodai árazás témáját öleli majd fel, különös figyelmet fordítva az eseményalapú árazás jelenségére. Ennek kapcsán fogom megvizsgálni az Ibis Budapest Citysouth árazási módszereit, részletezve a 2023-as Atlétikai Világbajnokság idején kialakított árakat. Témaválasztásom fő oka a revenue management, a dinamikus árazás egyre növekvő aktualitása, fontossága. Egyre több versenytárs jelenik meg a szállodai piacon, rengeteg a változás több tekintetben is, ami méginkább érdekessé teszi ezt a témakört, illetve érdemessé arra, hogy újabb kutatások szülessenek ezen a területen. Témaválasztásom személyes oka a revenue management iránti érdeklődésem, illetve a szándékom arra, hogy minél jobban megismerjem ezt a területet. | |
| 695 | |a árazás | ||
| 695 | |a eseményhatás | ||
| 695 | |a Revenue Management | ||
| 695 | |a sportesemények | ||
| 695 | |a szállodaipar | ||
| 700 | 1 | |a Karakasné Dr. Morvay Klára |e ths | |
| 856 | 4 | 0 | |u http://dolgozattar.uni-bge.hu/59447/1/Szakdolgozat%20-%20F%C3%B6ldv%C3%A1ri%20S%C3%A1ra%20Erzs%C3%A9bet%20JFBU7Z.pdf |z Dokumentum-elérés |
| 856 | 4 | 0 | |u http://dolgozattar.uni-bge.hu/59447/2/Titkos%C3%ADt%C3%A1si%20k%C3%A9relem%20F%C3%B6ldv%C3%A1ri%20S%C3%A1ra.pdf |z Dokumentum-elérés |
| 856 | 4 | 0 | |u http://dolgozattar.uni-bge.hu/59447/3/F%C3%B6ldv%C3%A1riS%C3%A1ra_BSc_konzulensi_KarakasneMK.pdf |z Dokumentum-elérés |
| 856 | 4 | 0 | |u http://dolgozattar.uni-bge.hu/59447/4/SKM4B23D925052713590.pdf |z Dokumentum-elérés |